000 00635nam a2200205Ia 4500
005 20250326144318.0
008 250326s9999 xx 000 0 und d
020 _a978-0-387-72757-8
037 _aTextbook
040 _aFMSL
_beng
_cFMSL
041 _aeng
_2eng
084 _aX(SNI) P8
_qFMSL
100 _aKirchgassner G
_9749450
245 0 _aHomo Oeconomicus : economic model of behaivour and its applications in economics and other social sciences
_cKirchgassner G
260 _aNY
_bNY, Springer
_c2008
300 _aX,
365 _b8310.1360000000004
942 _cTB
_hX(SNI) P8
999 _c1303257
_d1303257